Lignes Bis du Métro de Paris - Statistiques

Statistiques générales
  • Ce quiz a été pris 12 fois
  • Le résultat moyen est 11 sur 12
Statistiques - réponses
Stations Correspondances % Correct
Gambetta M3
100%
Jaurès M2 5
100%
Saint-Fargeau
100%
Bolivar
91%
Botzaris
91%
Louis Blanc M2
91%
Pelleport
91%
Place des Fêtes M11
91%
Porte des Lilas M11 / T3b
91%
Danube
82%
Pré-Saint-Gervais T3b
82%
Buttes-Chaumont
73%
Aucun quiz correspondant
Distribution des résultats
% des personnes avec chaque résultat
Percentile par nombre de réponses
Votre historique - résultats
Vous n’avez pas pris ce quiz